000 00771nam a22002537a 4500
001 BR3800072
003 BR-BrBNA
005 20230928082902.0
007 ta
008 230509b bl.||||| |||| 00| 0 por d
040 _aBR-BrBNA
_bpor
_cBiblioteca Nacional de Agricultura
041 _a(Por)
072 _aL30; L36
_b/G514
090 _ L30 BR3800072
100 1 _aAngelo, J.S.
245 1 _aContribuicao ao estudo bio-quimico da alimentacao animal [nutricao animal, Brasil]
260 3 _aCuritiba, PR (Brasil):
_c1938.
300 _a33 p.
500 _a24 ref. (*) Documento disponível na(o) Biblioteca Publica do Parana, Curitiba (Brazil)
650 _aNUTRICAO ANIMAL
650 _aANALISE QUIMICA
909 _a202309
_bLucia
_c55
_dLucia Elande
942 _cBK
999 _c10439
_d10439